00699nam a2200181Ia 4500003000900000008004100009020001800050040001600068080002300084245019900107260003700306300001500343490005100358650004100409650001900450700002300469700002500492IN-BaIIA211028s9999 xx 000 0 eng d a90-277-2752-x cIIA Library a52(082.1)bASS-146 0aRate coefficients in astrochemistrybproceedings of a conference on rate coefficients in astrochemistry, held in Umist, Manchester, UK, 21-24 Sep, 1987cedited by Millar, T. J and Williams, D. A aDordrechtbKluwer Academicc1988 axiv, 364p. aAstrophysics and space science library; v. 146 aAstronomy and astrophysics thesaurus aCosmochemistry aMillar, T. J., ed. aWilliams, D. A., ed.